Matemática en el tablero de ajedrez : (Record no. 23653)

000 -CABECERA
fixed length control field 01637nam a22002777i 4500
003 - IDENTIFICADOR DEL NÚMERO DE CONTROL
control field AR-CdUCM
008 - DATOS DE LONGITUD FIJA--INFORMACIÓN GENERAL
fixed length control field 260428b2014 sp d|||| |||| 00| 0 spa d
020 ## - NÚMERO INTERNACIONAL ESTÁNDAR DEL LIBRO
ISBN 978-5-396-00517-4
040 ## - FUENTE DE LA CATALOGACIÓN
Agencia/entidad que catalogó originalmente la obra MUNICIPALIDAD PROVINCIAL DEL CUSCO
Entidad que transcribió la catalogación BIBLIOTECA MUNICIPAL DEL CUSCO
082 ## - NÚMERO DE LA CLASIFICACIÓN DECIMAL DEWEY
No. de Clasificación 510
Notacion interna G91 / t.2
100 ## - ENTRADA PRINCIPAL--NOMBRE DE PERSONA
Nombre Personal Guik, Yevgueni
245 ## - MENCIÓN DE TÍTULO
Título Matemática en el tablero de ajedrez :
Resto del título Juegos matemáticos en el tablero de ajedrez /
260 ## - PUBLICACIÓN, DISTRIBUCIÓN, ETC.
Lugar de publicación, distribución, etc. España :
Nombre de la editorial, distribuidor, etc. KRASAND
Fecha de publicación, distribución, etc. 2014
300 ## - DESCRIPCIÓN FÍSICA
Nº de Páginas Extensión 202 páginas. :
Dimensiones 15x21,5 cm.
505 ## - NOTA DE CONTENIDO CON FORMATO
Nota de contenido formateada Introducción a la matemática en el ajedrez -- Estructura y propiedades del tablero de ajedrez -- Movimientos y combinaciones de piezas -- Problemas clásicos del ajedrez matemático -- El recorrido del caballo -- El problema de las ocho damas -- Permutaciones y combinatoria en el ajedrez -- Análisis geométrico del tablero -- Juegos recreativos basados en el ajedrez -- Ajedrez no convencional (variantes del tablero) -- Sistemas de torneos y métodos de puntuación -- Estrategias matemáticas en el juego -- Aplicaciones de la teoría de grafos al ajedrez -- Uso de la informática en el análisis ajedrecístico -- Problemas y ejercicios propuestos
650 ## - PUNTO DE ACCESO ADICIONAL DE MATERIA--TÉRMINO DE MATERIA
Descriptor Aspectos matemáticos
9 (RLIN) 52767
650 ## - PUNTO DE ACCESO ADICIONAL DE MATERIA--TÉRMINO DE MATERIA
Descriptor Matemática recreativa
9 (RLIN) 52768
650 ## - PUNTO DE ACCESO ADICIONAL DE MATERIA--TÉRMINO DE MATERIA
Descriptor Teoría de juegos (Matemáticas)
9 (RLIN) 52769
650 ## - PUNTO DE ACCESO ADICIONAL DE MATERIA--TÉRMINO DE MATERIA
Descriptor Combinatoria
9 (RLIN) 52770
650 ## - PUNTO DE ACCESO ADICIONAL DE MATERIA--TÉRMINO DE MATERIA
Descriptor Teoría de grafos
9 (RLIN) 41933
650 ## - PUNTO DE ACCESO ADICIONAL DE MATERIA--TÉRMINO DE MATERIA
Descriptor Problemas y acertijos matemáticos
9 (RLIN) 52771
700 ## - PUNTO DE ACCESO ADICIONAL--NOMBRE DE PERSONA
Nombre Personal Navarro Hernández, Carlos Daniel (traductor de ruso al español)
9 (RLIN) 52772
942 ## - ELEMENTOS DE PUNTO DE ACCESO ADICIONAL (KOHA)
Fuente de clasificación
Tipo de item Libros-BMC
945 ## - PROCESAMIENTO DE INFORMACIÓN LOCAL (OCLC)
Catalogador esh
AAAA-MM-DD - Fecha de ingreso o modificacion 28-04-2026
Holdings
Estado de retiro (separado) Fuente de clasificación o esquema de estanterías Estado dañado Ubicación Sala donde se ubica Nombre de la colección Fecha de adquisición o compra Fuente de adquisición Costo, precio normal en soles Signatura topográfica Código de Barras Última vez visto (Koha) Tipo de ítem (Koha)
No     Sala Ciencias Sala Ciencias Book Cart 2026-04-28 Donación 20.00 510 / G91 / t.2 SC0000002485 2026-04-28 Libros-BMC
No     Sala Ciencias Sala Ciencias Book Cart 2026-04-28 Donación 20.00 510 / G91 / t.2 / e.2 SC0000002486 2026-04-28 Libros-BMC

Powered by Koha